Código de la función pública : régimen general, anexo de actualización, abril de 1997 / [Eduardo García de Enterría, José Antonio Escalante] régimen general, anexo de actualización, abril de 1997 / [Eduardo García de Enterría, José Antonio Escalante]
ISBN:
84-470-0881-9
Descripción Física:
77 p. ; 24 cm
MARC
| LEADER | 00000nam a2200000Ia 4500 | ||
|---|---|---|---|
| 001 | 14397 | ||
| 008 | 160829s9999 xx 000 0 cat d | ||
| 020 | |a 84-470-0881-9 | ||
| 080 | |a D-3-6 | ||
| 100 | |a Espanya. Lleis, etc. |9 23269 | ||
| 245 | |a Código de la función pública : |b régimen general, anexo de actualización, abril de 1997 / [Eduardo García de Enterría, José Antonio Escalante] | ||
| 260 | |a [Madrid] : |b Civitas, DL 1997 | ||
| 300 | |a 77 p. ; |c 24 cm | ||
| 590 | |a Notes | ||
| 650 | 0 | |a Funció pública |x Dret i legislació |x Espanya |9 42023 | |
| 700 | 1 | |a García de Enterría, Eduardo, |d 1923-2013 |9 24607 | |
| 700 | |a Escalante, José A. |9 23331 | ||
| 901 | |a Arxiu | ||
| 942 | |n 1 | ||
| 952 | |0 1 |1 0 |2 udc |4 0 |5 2 |6 D36 |7 1 |9 43226 |a Arxiu |b Arxiu |d 2016-12-01 |l 0 |o D-3-6 |p 14397 |r 2016-12-01 00:00:00 |w 2016-12-01 |y ARXIU | ||
| 999 | |c 45770 |d 45770 | ||